| 000 | 01509cam a22004337i 4500 | ||
|---|---|---|---|
| 001 | 17648925 | ||
| 005 | 20140929095316.0 | ||
| 008 | 130305s2014 caua b 001 0 eng d | ||
| 010 | _a 2013934587 | ||
| 015 |
_aGBB384872 _2bnb |
||
| 016 | 7 |
_a016499378 _2Uk |
|
| 020 | _a9781446258965 (hbk.) | ||
| 020 | _a1446258963 (hbk.) | ||
| 020 | _a9781446258972 (pbk.) | ||
| 020 | _a1446258971 (pbk.) | ||
| 020 | _z9781446296271 (PDF ebook) | ||
| 035 | _a(OCoLC)ocn869776553 | ||
| 040 |
_aUKMGB _beng _cUKMGB _dUAB _erda _dMEU _dOCLCF _dDLC |
||
| 042 | _alccopycat | ||
| 050 | 0 | 0 |
_aQ 180.55.M4 _b.Ol55 2014 |
| 082 | 0 | 4 | _a300.72 |
| 100 | 1 |
_aO'Leary, Zina., _eauthor. |
|
| 240 | 1 | 0 | _aEssential guide to doing research |
| 245 | 1 | 4 |
_aThe essential guide to doing your research project / _cZina O'Leary. |
| 250 | _a2nd edition. | ||
| 260 |
_aLondon : _bSAGE Publication Ltd., _cc2014. |
||
| 300 |
_aviii, 371 pages : _billustrations ; _c25 cm |
||
| 500 | _aPrevious edition: published as The essential guide to doing research. 2004. | ||
| 504 | _aIncludes bibliographical references (pages 359-366) and index. | ||
| 530 | _aAlso issued online. | ||
| 546 | _aText in English. | ||
| 650 | 0 |
_aSocial sciences _xResearch. |
|
| 650 | 7 |
_aSocial sciences _xResearch. _2fast |
|
| 906 |
_a7 _bcbc _ccopycat _d2 _encip _f20 _gy-gencatlg |
||
| 942 |
_2lcc _cBK _kFOR |
||
| 999 |
_c275923 _d275923 |
||